Score 0/22 Timer 03:00
0 Plays Today
Mixed Word Answer % Correct
AHSWWash
98.5%
OFODFood
98.3%
IRDBBird
97.4%
LECLCell
96.5%
IGHTRRight
96.2%
MESTStem
96%
EFLTLeft
94.2%
AINRDDrain
93.9%
RWOEPPower
89.4%
MOSTRStorm
88.4%
CNSAScan
82.4%
Mixed Word Answer % Correct
MHUANHuman
77.7%
ZEFEREFreeze
74.8%
VAWSEWaves
71.2%
TANOAMYAnatomy
67.4%
FIONUNCTFunction
58.9%
RYINJUInjury
55%
MTRETAMatter
45.4%
RRSEECHAResearch
30.2%
SCARTETScatter
29.5%
Common BondBrain
28.4%
TASEERTeaser
25%

You're not logged in!

Compare scores with friends on all Sporcle quizzes.
OR
Log In

Sporcle TV

Today on Sporcle TV


Watch our educational content, quiz creation guides, and fun videos on Sporcle TV.

Show Comments

Extras

Top Quizzes Today


Score Distribution

Your Account Isn't Verified!

In order to create a playlist on Sporcle, you need to verify the email address you used during registration. Go to your Sporcle Settings to finish the process.

Report this User

Report this user for behavior that violates our Community Guidelines.

Details: